Best practice benchmarking : (Record no. 347788)

000 -LEADER
fixed length control field 01649 a2200181 4500
020 ## - INTERNATIONAL STANDARD BOOK NUMBER
International Standard Book Number 0566075911 (hardcover)
020 ## - INTERNATIONAL STANDARD BOOK NUMBER
International Standard Book Number 9780566075919 (hardcover)
082 04 - DEWEY DECIMAL CLASSIFICATION NUMBER
Classification number 658.562
090 ## - LOCALLY ASSIGNED LC-TYPE CALL NUMBER (OCLC); LOCAL CALL NUMBER (RLIN)
-- 5378
-- 5378
100 1# - MAIN ENTRY--PERSONAL NAME
Personal name Codling, Sylvia.
245 10 - TITLE STATEMENT
Title Best practice benchmarking :
Remainder of title a management guide /
Statement of responsibility, etc. Sylvia Codling.
250 ## - EDITION STATEMENT
Edition statement 2nd ed.
260 ## - PUBLICATION, DISTRIBUTION, ETC.
Place of publication, distribution, etc. [S.l.] :
Name of publisher, distributor, etc. Gower Publishing Company,
Date of publication, distribution, etc. 1995.
300 ## - PHYSICAL DESCRIPTION
Extent 156 p. ;
Dimensions 25 cm.
520 ## - SUMMARY, ETC.
Summary, etc. Benchmarking is potentially the most powerful weapon in the corporate armoury. It is the technique that enabled Cummins Engine Company to slash delivery time from eight months to eight weeks, Lucas to reduce the number of shopfloor grades at one of its sites from 17 to four, and British Rail to cut cleaning time for a 660-seat train to just eight minutes. In other companies, order processing time has been brought down from weeks to days, engineering drawings output doubled and inventory cut by two-thirds. Yet, in spite of the articles, seminars and conferences, many managers continue to ask "What is benchmarking?" and "How do we do it?" This book aims to answer these questions. Through a series of case histories and references, it shares the experiences and knowledge acquired by benchmarking companies across a wide range of industries. It also provides a step-by-step guide to the entire process, including a complete set of planning worksheets. The case studies include: Siemens Plessey, Volkswagen, British Rail, Lucas Industries, Shell, Rover and Hewlett Packard.
856 40 - ELECTRONIC LOCATION AND ACCESS
Materials specified Amazon.com
Uniform Resource Identifier <a href="http://www.amazon.com/exec/obidos/ASIN/0566075911/chopaconline-20">http://www.amazon.com/exec/obidos/ASIN/0566075911/chopaconline-20</a>
942 ## - ADDED ENTRY ELEMENTS (KOHA)
Institution code [OBSOLETE] NBS
Koha item type Book
Call number prefix 658.4012 GOD
Holdings
Withdrawn status Lost status Damaged status Not for loan Permanent Location Current Location Date acquired Total Checkouts Full call number Barcode Date last seen Price effective from Koha item type
        Central Library (CL) Central Library (CL) 08/28/2013   658.4012 GOD NBS3948 08/28/2013 08/28/2013 Book
© 2023 Central Library, National University of Sciences and Technology. All Rights Reserved.